| 000 | 00436nam a2200169 i 4500 | ||
|---|---|---|---|
| 001 | bg | ||
| 100 | 1 | _aEHRENFEUCHT, Aniela | |
| 245 | 0 |
_aZbiór zadań z matematyki elementarnej : _balgebra / _cAniela Ehrenfeucht, Olga Stande. |
|
| 250 | _aWyd.2 popr. | ||
| 260 |
_aWarszawa, _c1974. |
||
| 700 | 1 | _aSTANDE, Olga | |
| 040 | _cBPK | ||
| 041 | _apol | ||
| 080 | _a512(076) | ||
| 942 | _cKS | ||
| 008 | s pl f |000 0 pol | ||
| 999 |
_c26358 _d26358 |
||
| 856 |
_uhttp://koha.tu.koszalin.pl/cgi-bin/koha/opac-detail.pl?biblionumber=26358 _yKatalog online BPK |
||